000 00519nam a2200193Ia 4500
005 20250508154808.0
008 008 250505s9999 xx 000 0 eng d
037 _aTextual
040 _aFEDL
_beng
_cFEDL
041 _aeng
_2eng
084 _a822, DAN
_qFEDL
100 _aWear George F
_9760115
245 0 _aThree one-act plays
260 _aLondon, UK
_bLongmans, Green and Co.
_c1967
300 _axiii,62p
490 _aBridge series
942 _cTEXL
_h822, DAN
999 _c1352168
_d1352168